LIBRARY & INFORMATION CENTRE, KCAET, TAVANUR

ONLINE PUBLIC ACCESS CATALOGUE (OPAC)

Normal view MARC view
  • Ryden, John D

Entry Personal Name

Number of records used in: 1

001 - CONTROL NUMBER

  • control field: 6777

003 - CONTROL NUMBER IDENTIFIER

  • control field: OSt

005 - DATE AND TIME OF LATEST TRANSACTION

  • control field: 20250104153911.0

008 - FIXED-LENGTH DATA ELEMENTS

  • fixed length control field: 250104|| aca||aabn | a|a d

040 ## - CATALOGING SOURCE

  • Original cataloging agency: OSt
  • Transcribing agency: OSt

100 ## - HEADING--PERSONAL NAME

  • Personal name: Ryden, John D

670 ## - SOURCE DATA FOUND

  • Source citation: Work cat.: (OSt)10753: Ryden, John D ., Engineering electronics: With industrial applications and control / , 1986.
free website counter